Language Quiz

Random Language or Bible Quiz
Score 0/40 Timer 06:00
4 Plays Today
Expression Missing Word % Correct
Speak of the ____devil
98.6%
Take a ____ of faithLeap
98.2%
All ____ broke loosehell
97.8%
An ____ for an ____; a tooth for a tootheye
94.1%
Turn the other _____cheek
92.9%
When hell _____ overfreezes
92.2%
Offer an _____ brancholive
91.8%
Between the devil and the ____ blue seaDeep
91.7%
You're preaching to the _____choir
91.6%
_____ what you preachpractice
91.1%
Move _____ and earthHeaven
90.1%
The road to hell is paved with good _____intentions
88.9%
Come hell or high _____water
88.3%
Play the devil's _____advocate
88%
Like a ____ out of hellbat
87.9%
The ______ leading the ______blind
87.7%
Cast the first _____stone
87.6%
Idle ____ are the devil's workshophands
87.4%
Forbidden ____fruit
86.9%
My brother's ______keeper
85.2%
Expression Missing Word % Correct
To err is ____, to forgive divinehuman
83.9%
Rob _____ to pay PaulPeter
80.8%
Swear on a stack of _____Bibles
77.8%
Doubting ______Thomas
77.4%
Going to hell in a ______handbasket
75.5%
I'm in _____ heavenseventh
74.5%
_____ of the earthsalt
74.5%
Have the patience of a _____saint
73.8%
I don't know you from _____Adam
73.3%
Poor as a _____ mousechurch
73.2%
As ugly as ______sin
72.6%
As _____ as Solomonwise
70%
On a ____ and a prayerwing
68.4%
Living in a fool's _____paradise
68.2%
_____ in the skypie
66.6%
I'm in _____limbo
66.6%
A heavy _____ to bearcross
65.6%
A _____ in disguiseblessing
63.1%
______ Cainraise
61.2%
Don't cast _____ before swinepearls
51.5%

You're not logged in!

Compare scores with friends on all Sporcle quizzes.
OR
Log In

Sporcle TV

Today on Sporcle TV


Watch our educational content, quiz creation guides, and fun videos on Sporcle TV.

Show Comments

Extras

Top Quizzes Today


Score Distribution

Paid Content

Your Account Isn't Verified!

In order to create a playlist on Sporcle, you need to verify the email address you used during registration. Go to your Sporcle Settings to finish the process.

Report this User

Report this user for behavior that violates our Community Guidelines.

Details: